Proyecto de consultoría : el coaching y la comunicación

En la actualidad, se reconoce la importancia de los procesos de comunicación en las instituciones no sólo como factor de integración entre sus miembros, sino también como herramienta para el desarrollo y crecimiento de la institución. Siendo la Comunicación Organizacional un factor estratégico para...

Full description

Bibliographic Details
Main Author: González Lecaro, Daphne
Other Authors: Rojas Cisternas, Juanita (profesor guía)
Format: Tesis
Language:Spanish
Published: Santiago, Chile: Universidad Academia de Humanismo Cristiano, 2008.
Subjects:
Online Access:Disponible en línea (PDF). Biblioteca Digital UAHC

MARC

LEADER 00000cam a2200000 a 4500
001 046687
003 UAHC_CL
005 20220809171224.0
008 080206s2008 cl 000 spa
040 |a UAHC_CL  |c UAHC_CL  |d UAHC_CL 
100 1 |a González Lecaro, Daphne 
245 1 0 |a Proyecto de consultoría :  |b el coaching y la comunicación  |c Daphne González Lecaro. 
260 |a Santiago, Chile:  |b Universidad Academia de Humanismo Cristiano,  |c 2008. 
300 |a 205 p.  |b 1 cd rom 
500 |a Tesis para optar al título de periodista y al grado académico de Licenciado en Comunicación Social. 
502 |a Tesis (Periodismo)--Universidad Academia de Humanismo Cristiano, 2008. 
520 |a En la actualidad, se reconoce la importancia de los procesos de comunicación en las instituciones no sólo como factor de integración entre sus miembros, sino también como herramienta para el desarrollo y crecimiento de la institución. Siendo la Comunicación Organizacional un factor estratégico para el cumplimiento de los objetivos institucionales, es importante obtener los conocimientos y habilidades necesarias para diseñar y llevar a cabo un diagnóstico de medios de comunicación que ayude a establecer los criterios, estrategias y acciones a seguir para la implementación de un plan de mejora basado en el "coaching". 
650 4 |a CONDUCTA ORGANIZACIONAL 
650 4 |a COMUNICACION ORGANIZACIONAL 
700 1 |a Rojas Cisternas, Juanita  |e profesor guía 
856 |u http://bibliotecadigital.academia.cl/xmlui/handle/123456789/2143  |3 Disponible en línea (PDF). Biblioteca Digital UAHC 
900 |a TPERIO 57 
942 |c TS 
952 |0 0  |1 0  |2 ddc  |4 0  |6 TPERIO_57_000000000000000  |7 0  |8 COMP  |9 84561  |a BC  |b BC  |c Referencia  |d 2017-08-03  |l 0  |o TPERIO 57  |p 1362748  |r 2019-01-07 00:00:00  |t 1  |w 2017-08-03  |y TS 
999 |c 46687  |d 46687